000 00324nam a2200121Ia 4500
005 20260328104306.0
008 260328s9999||||xx |||||||||||||| ||und||
100 _aBarahona, Luis Diego
245 0 _aArquitectura Contemporánea costarricense /
_cLuis Diego Barahona
300 _a138 p.
650 _aCOSTA RICA
942 _cBK
999 _c10762
_d10762